00323nam a2200133 a 4500008004100000020001500041050001700056100001700073245003100090250001200121260002700133300002000160350000900180120416s1990 ||||||||||||||||| || u a0333537181 aTA 683.2 Mos aMosley, J. H10aReinforced concrete design a4th ed. aLondonbMcMillanc1990 ax, 392p. : ill. a0.00